[Event "Cali Valle Colombia op-B"]
[Site "Cali Valle Colombia"]
[Date "2022.12.27"]
[Round "2"]
[White "Rosales, Daniel"]
[Black "Lopez Ramirez, Daniel Giovanny"]
[Result "1-0"]
[WhiteElo "2067"]
[BlackElo "1828"]
[PlyCount "145"]
[EventDate "2022.12.26"]
[EventType "swiss"]
[EventRounds "8"]
[EventCountry "COL"]
[SourceTitle "CBM 211 Extra"]
[Source "ChessBase"]
[SourceDate "2023.01.31"]
[SourceVersion "1"]
[SourceVersionDate "2023.01.31"]
[SourceQuality "1"]

1. d4 d5 2. Nf3 e6 3. c4 a6 4. cxd5 exd5 5. Nc3 c6 6. Bg5 Be7 7. Bxe7 Qxe7 8. e3 Nf6 9. Bd3 Bg4 10. h3 Bxf3 11. Qxf3 Nbd7 12. 0-0 0-0 13. Rac1 Qb4 14. Qe2 g6 15. a3 Qd6 16. Na4 b5 17. Nc5 Nxc5 18. Rxc5 Nd7 19. Rc2 Rfc8 20. Qd2 a5 21. Rfc1 Nb6 22. Rc5 Na4 23. R5c2 Nb6 24. Qc3 f5 25. Qc5 Qxc5 26. Rxc5 Nc4 27. Rc2 a4 28. Kh2 Kf7 29. Kg3 Kf6 30. h4 Ra7 31. f3 Rd7 32. e4 fxe4 33. fxe4 h6 34. exd5 Rxd5 35. Bxc4 Rxc5 36. dxc5 bxc4 37. Rxc4 Rb8 38. Rxa4 Rxb2 39. Ra6 Kf5 40. Rxc6 Rb3+ 41. Kh2 Rxa3 42. h5 gxh5 43. Rxh6 Kg5 44. Rh8 Rc3 45. Rc8 Rc4 46. c6 Kg6 47. Kh3 h4 48. Kh2 Rc1 49. Rc7 Kf6 50. Kh3 Rc4 51. Rc8 Ke7 52. c7 Kd7 53. Rh8 Kxc7 54. Rxh4 Rc3+ 55. g3 Kd7 56. Re4 Rc6 57. g4 Rc1 58. Kh4 Rh1+ 59. Kg5 Rg1 60. Kg6 Kd8 61. g5 Kd7 62. Kf6 Rf1+ 63. Kg7 Rg1 64. g6 Rh1 65. Kf7 Rf1+ 66. Kg8 Rg1 67. g7 Rh1 68. Kf7 Rf1+ 69. Kg6 Rg1+ 70. Kf6 Kd6 71. Rd4+ Kc6 72. Rd8 Rf1+ 73. Ke5 1-0

[Event "Latin Cup-A 3rd"]
[Site "Cali"]
[Date "2012.10.04"]
[Round "1"]
[White "Norena, Wilder"]
[Black "Rosales, Daniel"]
[Result "0-1"]
[WhiteElo "1533"]
[BlackElo "2062"]
[PlyCount "74"]
[EventDate "2012.10.04"]
[EventType "swiss"]
[EventRounds "9"]
[EventCountry "COL"]
[SourceTitle "CBM 150 Extra"]
[Source "ChessBase"]
[SourceDate "2012.10.19"]
[SourceVersion "1"]
[SourceVersionDate "2012.10.19"]
[SourceQuality "1"]

1. e4 e6 2. d4 d5 3. exd5 exd5 4. Nf3 Bf5 5. Bd3 Bxd3 6. Qxd3 c6 7. Bf4 Bd6 8. Bxd6 Qxd6 9. 0-0 Ne7 10. Re1 0-0 11. Nbd2 Ng6 12. c3 Nd7 13. Nf1 Rae8 14. Ng3 Qf4 15. Qf5 Nf6 16. h3 Ne4 17. Qxf4 Nxf4 18. Ne5 f6 19. Nd7 Rf7 20. Nxe4 dxe4 21. Nc5 f5 22. a4 b6 23. Na6 g5 24. Nb4 Re6 25. Nc2 Nd3 26. Re2 Nxb2 27. Nb4 Nc4 28. Rae1 Rd7 29. f3 e3 30. Kh2 f4 31. Rh1 Kg7 32. Kg1 a5 33. Na2 c5 34. dxc5 bxc5 35. h4 h6 36. hxg5 hxg5 37. Kf1 Rb6 0-1

[Event "Cali IRT Deptal Valle-ch"]
[Site "Cali"]
[Date "2011.04.18"]
[Round "2.7"]
[White "Rosales, Daniel"]
[Black "Torres, Jeison Steven"]
[Result "1-0"]
[WhiteElo "2068"]
[BlackElo "1600"]
[PlyCount "79"]
[EventDate "2011.03.18"]
[EventType "swiss"]
[EventRounds "8"]
[EventCountry "COL"]
[SourceTitle "EXT 2024"]
[Source "ChessBase"]
[SourceDate "2023.10.10"]
[SourceVersion "1"]
[SourceVersionDate "2023.10.10"]
[SourceQuality "1"]

1. d4 f5 2. e4 e6 3. e5 d6 4. f4 Nc6 5. Nf3 Nge7 6. Nc3 dxe5 7. fxe5 Ng6 8. Be3 Be7 9. Qd2 Bd7 10. 0-0-0 a6 11. g3 b5 12. h4 0-0 13. h5 Nh8 14. Ne2 Nb4 15. Kb1 Bc6 16. Bg2 Be4 17. Ne1 Bxg2 18. Nxg2 Nd5 19. Ngf4 Qd7 20. Nxd5 exd5 21. Nf4 a5 22. Qg2 c6 23. Rde1 b4 24. Nh3 a4 25. b3 axb3 26. cxb3 Ra5 27. Re2 Qa7 28. e6 Qa6 29. Rd1 Ra8 30. Bg5 Bxg5 31. Nxg5 Ra3 32. Rb2 Re8 33. Qf3 h6 34. Qxf5 hxg5 35. Rh2 Qc8 36. h6 gxh6 37. Rxh6 Rxe6 38. Rxh8+ Kxh8 39. Rh1+ Kg7 40. Rh7+ 1-0

[Event "Cali Menor 2100 op 11th"]
[Site "Cali"]
[Date "2009.12.29"]
[Round "7.1"]
[White "Cardenas, Alejandro"]
[Black "Rosales, Daniel"]
[Result "0-1"]
[WhiteElo "2026"]
[BlackElo "2065"]
[PlyCount "82"]
[EventDate "2009.12.26"]
[EventType "swiss"]
[EventRounds "8"]
[EventCountry "COL"]
[SourceTitle "EXT 2024"]
[Source "ChessBase"]
[SourceDate "2023.10.10"]
[SourceVersion "1"]
[SourceVersionDate "2023.10.10"]
[SourceQuality "1"]

1. e4 e6 2. d4 d5 3. Nc3 Bb4 4. e5 Qd7 5. Bd3 Nc6 6. Nf3 h6 7. 0-0 b6 8. Ne2 Bb7 9. c3 Bf8 10. Be3 0-0-0 11. b4 Kb8 12. a4 Nge7 13. a5 g5 14. axb6 cxb6 15. Qa4 Rc8 16. Nd2 Rc7 17. Nb3 Nc8 18. f4 gxf4 19. Rxf4 h5 20. Rf3 h4 21. Ba6 Bxa6 22. Qxa6 Rh7 23. Nec1 N6e7 24. Bd2 Nf5 25. Nd3 Qc6 26. b5 Qd7 27. Bf4 Rg7 28. Bd2 Be7 29. Rxf5 exf5 30. e6 Qxe6 31. Ne5 f6 32. Nc6+ Rxc6 33. Re1 Qg8 34. bxc6 Bd6 35. Kf1 f4 36. Nc5 f3 37. gxf3 bxc5 38. Rb1+ Ka8 39. Rb7 Rg1+ 40. Kf2 Qg2+ 41. Ke3 Bf4+ 0-1

[Event "Yumbo Mayor"]
[Site "Yumbo"]
[Date "2009.03.29"]
[Round "8"]
[White "Rosales, Daniel"]
[Black "Morales, Jhon Alexander"]
[Result "0-1"]
[WhiteElo "2033"]
[BlackElo "2316"]
[PlyCount "64"]
[EventDate "2009.03.25"]
[EventType "tourn"]
[EventRounds "9"]
[EventCountry "COL"]
[SourceTitle "EXT 2011"]
[Source "ChessBase"]
[SourceDate "2010.11.26"]
[SourceVersion "1"]
[SourceVersionDate "2010.11.26"]
[SourceQuality "1"]

1. d4 Nf6 2. c4 e6 3. Nc3 Bb4 4. e3 c5 5. Bd3 0-0 6. Nf3 Bxc3+ 7. bxc3 Nc6 8. 0-0 d6 9. Nd2 e5 10. d5 Ne7 11. f4 exf4 12. exf4 Bf5 13. Qc2 Qd7 14. Nf3 Bxd3 15. Qxd3 Nf5 16. Bd2 Rae8 17. h3 h5 18. Rae1 Rxe1 19. Rxe1 g6 20. Be3 Re8 21. Bf2 Rxe1+ 22. Bxe1 Qe8 23. Bf2 Qe4 24. Qxe4 Nxe4 25. g4 hxg4 26. hxg4 Nh6 27. Nh2 Nxc3 28. Be3 f6 29. a3 b5 30. Bd2 Ne4 31. Be1 bxc4 32. Kg2 c3 0-1

[Event "Yumbo Mayor"]
[Site "Yumbo"]
[Date "2009.03.28"]
[Round "7"]
[White "Sanchez, Victor Hugo"]
[Black "Rosales, Daniel"]
[Result "1-0"]
[WhiteElo "2231"]
[BlackElo "2033"]
[PlyCount "90"]
[EventDate "2009.03.25"]
[EventType "tourn"]
[EventRounds "9"]
[EventCountry "COL"]
[SourceTitle "EXT 2011"]
[Source "ChessBase"]
[SourceDate "2010.11.26"]
[SourceVersion "1"]
[SourceVersionDate "2010.11.26"]
[SourceQuality "1"]

1. e4 e6 2. d4 d5 3. Nd2 c5 4. exd5 exd5 5. Ngf3 Nc6 6. Bb5 Nf6 7. 0-0 Be7 8. dxc5 0-0 9. Nb3 Ne4 10. Be3 Bg4 11. Be2 f5 12. Nfd4 Bxe2 13. Nxe2 Qd7 14. c4 Rad8 15. cxd5 Qxd5 16. Qxd5+ Rxd5 17. Nf4 Rd7 18. f3 Nf6 19. Rfe1 Re8 20. Bf2 Kf7 21. Kf1 a6 22. Rad1 Red8 23. Rxd7 Rxd7 24. Ke2 g5 25. Nd3 Nd5 26. Nd4 Ndb4 27. Nxb4 Nxd4+ 28. Bxd4 Rxd4 29. Nd3 Bf6 30. Rc1 Ke6 31. c6 bxc6 32. Rxc6+ Rd6 33. Rc7 h5 34. b3 Bd4 35. Rh7 h4 36. f4 Bf6 37. fxg5 Bxg5 38. Ra7 Kf6 39. Nc5 Rd2+ 40. Kf3 Rxa2 41. Rxa6+ Rxa6 42. Nxa6 Ke5 43. h3 Be7 44. b4 Bd6 45. Nc5 Kd4 1-0

[Event "Yumbo Mayor qual"]
[Site "Yumbo"]
[Date "2009.03.06"]
[Round "2"]
[White "Rosales, Daniel"]
[Black "Mateus Urbano, Luis Alejandro"]
[Result "0-1"]
[WhiteElo "2033"]
[BlackElo "2241"]
[PlyCount "72"]
[EventDate "2009.03.05"]
[EventType "swiss"]
[EventRounds "7"]
[EventCountry "COL"]
[SourceTitle "EXT 2011"]
[Source "ChessBase"]
[SourceDate "2010.11.26"]
[SourceVersion "1"]
[SourceVersionDate "2010.11.26"]
[SourceQuality "1"]

1. d4 d5 2. c4 c6 3. Nc3 Nf6 4. Nf3 a6 5. a4 e6 6. c5 Nbd7 7. Bf4 Nh5 8. e3 Nxf4 9. exf4 a5 10. Ne5 Nxe5 11. fxe5 b6 12. cxb6 Qxb6 13. Qd2 Rb8 14. Rb1 Be7 15. Be2 0-0 16. 0-0 f6 17. f4 c5 18. dxc5 Bxc5+ 19. Kh1 Be3 20. Qd3 fxe5 21. fxe5 Rxf1+ 22. Rxf1 Qd4 23. Qb1 Bd7 24. Bd3 h6 25. Bh7+ Kh8 26. Bg6 Qxe5 27. Qd1 Bc5 28. Bc2 Bd6 29. g3 d4 30. Re1 Bc6+ 31. Kg1 Qc5 32. Ne4 d3+ 33. Nxc5 Bxc5+ 34. Re3 Bxe3+ 35. Kf1 Rf8+ 36. Ke1 d2+ 0-1

[Event "Cali qual"]
[Site "Cali"]
[Date "2008.05.03"]
[Round "5"]
[White "Rosales, Daniel"]
[Black "Garcia Alarcon, Alvaro"]
[Result "1-0"]
[WhiteElo "2032"]
[BlackElo "2091"]
[PlyCount "155"]
[EventDate "2008.05.01"]
[EventType "swiss"]
[EventRounds "9"]
[EventCountry "COL"]
[SourceTitle "CBM 124 Extra"]
[Source "ChessBase"]
[SourceDate "2008.07.03"]
[SourceVersion "1"]
[SourceVersionDate "2008.07.03"]
[SourceQuality "1"]

1. d4 f5 2. c4 Nf6 3. Nf3 d6 4. g3 e6 5. Bg2 Be7 6. 0-0 0-0 7. b3 c6 8. Bb2 Nbd7 9. Nbd2 d5 10. Qc2 Ne4 11. a3 Qe8 12. Ne1 Qh5 13. f3 Ng5 14. Nd3 Bd6 15. e4 f4 16. e5 fxg3 17. hxg3 Nh3+ 18. Bxh3 Qxh3 19. Rf2 Be7 20. Nf1 Bg5 21. f4 Bh6 22. Qe2 dxc4 23. bxc4 Nb6 24. Rc1 Bd7 25. g4 Qh4 26. g5 Bxg5 27. Rh2 Rxf4 28. Rxh4 Rxh4 29. Rc2 Be8 30. Qg2 h6 31. Ne1 Bh5 32. Bc1 Rg4 33. Ng3 Bh4 34. Nxh5 Rxg2+ 35. Nxg2 Be7 36. Ngf4 Kf7 37. c5 g5 38. cxb6 gxf4 39. bxa7 Rxa7 40. Rg2 Bf8 41. Nxf4 c5 42. d5 exd5 43. Nxd5 Ke6 44. Nb6 Ra6 45. Rg6+ Kf7 46. Rf6+ Ke8 47. Bb2 Bg7 48. Re6+ Kf7 49. Rd6 Bf8 50. Rd7+ Ke6 51. Rxb7 Be7 52. Kf1 Bg5 53. Nc8 Ra4 54. Rb6+ Kd7 55. Nd6 Rf4+ 56. Ke2 Rh4 57. Nf5 Rh3 58. a4 c4 59. a5 c3 60. Ba3 c2 61. e6+ Kc8 62. Nd6+ Kc7 63. Nb5+ Kc8 64. Bd6 Re3+ 65. Kf2 Rxe6 66. Rc6+ Kb7 67. Rxc2 Rf6+ 68. Kg2 Ka6 69. Rb2 Rg6 70. Kf3 Bd8 71. Ke4 Bxa5 72. Kd5 Rg1 73. Kc6 Ra1 74. Rg2 Bd8 75. Rg8 Rc1+ 76. Bc5 Rd1 77. Rg7 Bb6 78. Bxb6 1-0

[Event "Cali qual"]
[Site "Cali"]
[Date "2008.05.01"]
[Round "1"]
[White "Rosales, Daniel"]
[Black "Mendoza, Rafael Enrique"]
[Result "0-1"]
[WhiteElo "2032"]
[BlackElo "2352"]
[PlyCount "44"]
[EventDate "2008.05.01"]
[EventType "swiss"]
[EventRounds "9"]
[EventCountry "COL"]
[SourceTitle "CBM 124 Extra"]
[Source "ChessBase"]
[SourceDate "2008.07.03"]
[SourceVersion "1"]
[SourceVersionDate "2008.07.03"]
[SourceQuality "1"]

1. d4 Nf6 2. c4 e6 3. Nc3 c5 4. d5 exd5 5. cxd5 d6 6. e4 g6 7. f4 Bg7 8. Bb5+ Nfd7 9. a4 0-0 10. Nf3 Na6 11. 0-0 Nb4 12. h3 a6 13. Bc4 Re8 14. Re1 b6 15. Na2 Bb7 16. Nxb4 cxb4 17. Rb1 Rc8 18. b3 Nc5 19. Bd3 Rc7 20. Rb2 Nxd3 21. Qxd3 Rxc1 22. Rxc1 Bxb2 0-1

[Event "American Continental 04th"]
[Site "Cali"]
[Date "2007.07.17"]
[Round "8"]
[White "Juarez Flores, Roberto Alfonso"]
[Black "Rosales, Daniel"]
[Result "0-1"]
[WhiteElo "2177"]
[BlackElo "1989"]
[PlyCount "55"]
[EventDate "2007.07.10"]
[EventType "swiss"]
[EventRounds "11"]
[EventCountry "COL"]
[SourceTitle "CBM 119 Extra"]
[Source "ChessBase"]
[SourceDate "2007.09.04"]
[SourceVersion "1"]
[SourceVersionDate "2007.09.04"]
[SourceQuality "1"]

1. d4 d5 2. c4 e6 3. Nc3 Nf6 4. Bg5 Be7 5. e3 h6 6. Bh4 0-0 7. Nf3 b6 8. cxd5 exd5 9. Bd3 Nbd7 10. Rc1 Bb7 11. 0-0 c5 12. Re1 Ne4 13. Bxe7 Qxe7 14. Nd2 Ndf6 15. Bxe4 dxe4 16. dxc5 Rfd8 17. Qe2 Rd3 18. Nf1 Ba6 19. cxb6 axb6 20. Qc2 Qd6 21. Ne2 Rd5 22. Qc6 Qxc6 23. Rxc6 Bxe2 24. Rxe2 Rxa2 25. Rc1 Rb5 26. Rb1 Nd5 27. Rc2 Nb4 28. Nd2 0-1

[Event "American Continental 04th"]
[Site "Cali"]
[Date "2007.07.15"]
[Round "6"]
[White "Pena, Alfredo"]
[Black "Rosales, Daniel"]
[Result "1-0"]
[WhiteElo "2248"]
[BlackElo "1989"]
[PlyCount "119"]
[EventDate "2007.07.10"]
[EventType "swiss"]
[EventRounds "11"]
[EventCountry "COL"]
[SourceTitle "CBM 119 Extra"]
[Source "ChessBase"]
[SourceDate "2007.09.04"]
[SourceVersion "1"]
[SourceVersionDate "2007.09.04"]
[SourceQuality "1"]

1. e4 e6 2. d4 d5 3. Nc3 Nf6 4. Bg5 Be7 5. e5 Nfd7 6. Bxe7 Qxe7 7. f4 a6 8. Nf3 b6 9. Be2 c5 10. 0-0 Nc6 11. Kh1 Bb7 12. Qd2 g6 13. a3 cxd4 14. Nxd4 Nxd4 15. Qxd4 Qc5 16. Qd3 Rc8 17. Rad1 Rc7 18. Bf3 0-0 19. Rfe1 b5 20. Re2 Nb6 21. Nb1 Na4 22. c3 Rfc8 23. g4 Qe7 24. Qe3 Qh4 25. Rg2 Qh3 26. Rg3 Qh4 27. Qe2 Rc4 28. Qd2 Nc5 29. Qe3 Ne4 30. Rg2 Qh3 31. Qe2 a5 32. Rd3 Qh6 33. g5 Qh4 34. Qe3 Qh3 35. b3 d4 36. Qe2 dxc3 37. bxc4 Rxc4 38. Qc2 b4 39. Kg1 Qh4 40. Qc1 Bd5 41. axb4 axb4 42. Be2 Rc7 43. Bf3 Ra7 44. Rd1 Ra1 45. Qe3 Bb3 46. Rd8+ Kg7 47. Bxe4 c2 48. Bxc2 Bxc2 49. Rxc2 Rxb1+ 50. Kg2 b3 51. Rf2 b2 52. Rb8 Qg4+ 53. Qg3 Qd1 54. Rfxb2 Ra1 55. Qf3 Qg1+ 56. Kh3 h5 57. gxh6+ Kxh6 58. Qg3 Qd1 59. Qh4+ Kg7 60. Qf6+ 1-0

[Event "American Continental 04th"]
[Site "Cali"]
[Date "2007.07.14"]
[Round "5"]
[White "Rosales, Daniel"]
[Black "Quinones, Cesar Luis"]
[Result "1/2-1/2"]
[WhiteElo "1989"]
[BlackElo "2268"]
[PlyCount "125"]
[EventDate "2007.07.10"]
[EventType "swiss"]
[EventRounds "11"]
[EventCountry "COL"]
[SourceTitle "CBM 119 Extra"]
[Source "ChessBase"]
[SourceDate "2007.09.04"]
[SourceVersion "1"]
[SourceVersionDate "2007.09.04"]
[SourceQuality "1"]

1. d4 d5 2. Nf3 Nf6 3. c4 c6 4. e3 e6 5. Nc3 Nbd7 6. Bd3 dxc4 7. Bxc4 b5 8. Bb3 b4 9. Ne2 Bb7 10. 0-0 Be7 11. Ng3 0-0 12. e4 c5 13. e5 Ne4 14. d5 exd5 15. Bxd5 Bxd5 16. Qxd5 Nxg3 17. hxg3 Nb6 18. Qe4 Qd5 19. Qg4 Rfe8 20. Bf4 Rad8 21. Rfe1 Qe6 22. Qh5 Nd5 23. a3 a5 24. axb4 axb4 25. Ra7 Nxf4 26. gxf4 g6 27. Qh6 Bf8 28. Qh4 h6 29. Rea1 Qb3 30. R1a6 Bg7 31. e6 fxe6 32. Rxg7+ Kxg7 33. Ra7+ Kg8 34. Qxh6 Qd1+ 35. Kh2 Rd7 36. Qxg6+ Kf8 37. Qf6+ Kg8 38. Qg5+ Kf8 39. Qxc5+ Qd6 40. Qxd6+ Rxd6 41. Rb7 Re7 42. Rxb4 Rd5 43. g4 Rd3 44. Kg2 Kg7 45. Rb8 Rdd7 46. Ng5 e5 47. f5 Rb7 48. Rxb7 Rxb7 49. Ne4 Rxb2 50. g5 Rb3 51. f3 Rb1 52. Kg3 Rc1 53. Kg4 Ra1 54. Ng3 Ra4+ 55. Kh5 Rf4 56. f6+ Kg8 57. Ne4 Rxf3 58. g6 Rf4 59. f7+ Kg7 60. Nc5 Rf5+ 61. Kg4 Rf4+ 62. Kg5 Rf6 63. f8Q+ 1/2-1/2

[Event "American Continental 04th"]
[Site "Cali"]
[Date "2007.07.11"]
[Round "2"]
[White "Juarez Flores, Gustavo Enrique"]
[Black "Rosales, Daniel"]
[Result "1/2-1/2"]
[WhiteElo "2204"]
[BlackElo "1989"]
[PlyCount "118"]
[EventDate "2007.07.10"]
[EventType "swiss"]
[EventRounds "11"]
[EventCountry "COL"]
[SourceTitle "CBM 119 Extra"]
[Source "ChessBase"]
[SourceDate "2007.09.04"]
[SourceVersion "1"]
[SourceVersionDate "2007.09.04"]
[SourceQuality "1"]

1. e4 e6 2. d4 d5 3. e5 c5 4. c3 Nc6 5. Nf3 Bd7 6. dxc5 Bxc5 7. Bd3 h6 8. Qe2 a5 9. Be3 Qb6 10. Bxc5 Qxc5 11. Na3 Na7 12. Nd4 Ne7 13. 0-0 0-0 14. Qe3 b6 15. Nac2 Rac8 16. a4 Rce8 17. b4 Qc7 18. Nb5 Nxb5 19. axb5 axb4 20. cxb4 Rb8 21. Rfc1 Qb7 22. Nd4 Rfc8 23. f4 Rxc1+ 24. Rxc1 Ra8 25. Bb1 Rc8 26. Bd3 Rxc1+ 27. Qxc1 Qc8 28. Qxc8+ Nxc8 29. Nc6 Kf8 30. Nd4 Ne7 31. Kf2 f6 32. Nf3 Be8 33. Nd4 Bf7 34. Ke3 Ke8 35. Nc6 Kd7 36. Nxe7 Kxe7 37. Kd4 g5 38. f5 h5 39. g3 g4 40. Bc2 Bg8 41. fxe6 Bxe6 42. exf6+ Kxf6 43. Bb3 Bf7 44. Bxd5 Be8 45. Bc4 Bd7 46. Bf1 Be6 47. Ke4 Bf7 48. h3 gxh3 49. Bxh3 Be6 50. Bf1 Bg4 51. Kd5 Bf3+ 52. Kd6 Kg5 53. Bd3 Kg4 54. Bg6 Kxg3 55. Bxh5 Bxh5 56. Kc6 Kf4 57. Kxb6 Ke5 58. Kc7 Kd4 59. b6 Bf3 1/2-1/2